[Event "POL-chT U20 1st League"]
[Site "Szczyrk"]
[Date "2017.07.27"]
[Round "6.15"]
[White "Mis, Mieszko"]
[Black "Gazik, Jakub"]
[Result "1-0"]
[WhiteElo "2137"]
[BlackElo "1715"]
[PlyCount "57"]
[EventDate "2017.07.22"]
[EventType "team-tourn"]
[EventRounds "9"]
[EventCountry "POL"]
[SourceTitle "EXT 2019"]
[Source "ChessBase"]
[SourceDate "2018.10.10"]
[SourceVersion "1"]
[SourceVersionDate "2018.10.10"]
[SourceQuality "1"]

1. Nf3 Nf6 2. c4 e6 3. g3 b6 4. Bg2 Bb7 5. 0-0 Be7 6. d4 0-0 7. Nc3 d5 8. Ne5 Nbd7 9. Bf4 c5 10. cxd5 Nxd5 11. Nxd5 exd5 12. Nf3 Nf6 13. Rc1 Ne4 14. dxc5 bxc5 15. Qb3 Qb6 16. Qc2 Rfd8 17. Ne5 Nf6 18. Rfd1 d4 19. Qc4 Bd5 20. Bxd5 Nxd5 21. e4 dxe3 22. Rxd5 exf2+ 23. Kxf2 Qxb2+ 24. Rc2 Qxc2+ 25. Qxc2 Rxd5 26. Qe4 Rdd8 27. Nc6 Re8 28. Nxe7+ Kh8 29. Bh6 1-0

[Event "POL-chT U20 1st League"]
[Site "Szczyrk"]
[Date "2017.07.24"]
[Round "3.27"]
[White "Gazik, Jakub"]
[Black "Bartoszewski Reiski, Olaf"]
[Result "1/2-1/2"]
[WhiteElo "1715"]
[BlackElo "1622"]
[PlyCount "81"]
[EventDate "2017.07.22"]
[EventType "team-tourn"]
[EventRounds "9"]
[EventCountry "POL"]
[SourceTitle "EXT 2019"]
[Source "ChessBase"]
[SourceDate "2018.10.10"]
[SourceVersion "1"]
[SourceVersionDate "2018.10.10"]
[SourceQuality "1"]

1. e4 c5 2. c3 Nf6 3. e5 Nd5 4. d4 cxd4 5. cxd4 Nc6 6. Nf3 d6 7. Bc4 e6 8. Bxd5 exd5 9. 0-0 Be6 10. Re1 Be7 11. exd6 Qxd6 12. Nc3 0-0 13. Ne5 Nxe5 14. dxe5 Qd7 15. Be3 Rfd8 16. Bd4 b6 17. Kh1 Bc5 18. Ne2 Bb4 19. Rf1 Rac8 20. a3 Be7 21. f4 Bg4 22. Qd3 Rc4 23. Nc3 Bf5 24. Qd2 Bc5 25. Bxc5 Rxc5 26. Rad1 d4 27. Qf2 Rc4 28. Rd2 Qc6 29. Rfd1 d3 30. Qg3 h6 31. h3 a5 32. a4 Rdd4 33. Rf1 Rb4 34. Nb5 Rd7 35. Nd6 Rxd6 36. exd6 Rxa4 37. Rxd3 Bxd3 38. Qxd3 Qd7 39. f5 Rb4 40. Re1 Rxb2 41. f6 1/2-1/2

[Event "Vaujany op-B 8th"]
[Site "Vaujany"]
[Date "2017.07.19"]
[Round "7.2"]
[White "Vanhee, Audrey"]
[Black "Gazik, Jakub"]
[Result "1/2-1/2"]
[WhiteElo "1707"]
[BlackElo "1715"]
[PlyCount "79"]
[EventDate "2017.07.13"]
[EventType "swiss"]
[EventRounds "9"]
[EventCountry "FRA"]
[SourceTitle "EXT 2020"]
[Source "ChessBase"]
[SourceDate "2019.10.17"]
[SourceVersion "1"]
[SourceVersionDate "2019.10.17"]
[SourceQuality "1"]

1. d4 e6 2. c4 b6 3. e4 Bb7 4. Nc3 Bb4 5. Bd3 Nf6 6. f3 d5 7. cxd5 exd5 8. e5 Nfd7 9. a3 Be7 10. f4 c5 11. Nf3 cxd4 12. Nxd4 Nc6 13. Be3 Bc5 14. Bb5 Nxd4 15. Bxd4 a6 16. Be2 Bxd4 17. Qxd4 Nc5 18. Bf3 0-0 19. Rd1 Ne6 20. Qd2 Qc7 21. Nxd5 Bxd5 22. Bxd5 Rfd8 23. Qf2 Rd7 24. 0-0 Nxf4 25. Qxf4 Qc5+ 26. Qd4 Rxd5 27. Qxc5 Rxc5 28. Rd6 Rb8 29. Rfd1 g6 30. e6 fxe6 31. Rxe6 Rc2 32. b4 Ra2 33. Rd3 Rc8 34. h3 Rcc2 35. Rg3 Rc1+ 36. Kh2 Rca1 37. Rxb6 Rxa3 38. Rxa3 Rxa3 39. b5 axb5 40. Rxb5 1/2-1/2

[Event "Liptovsky Mikulas V4 U15 op"]
[Site "Liptovsky Mikulas"]
[Date "2017.06.22"]
[Round "3"]
[White "Gazik, Jakub"]
[Black "Sosovickova, Jana"]
[Result "0-1"]
[WhiteElo "1802"]
[BlackElo "1513"]
[PlyCount "62"]
[EventDate "2017.06.21"]
[EventType "swiss"]
[EventRounds "9"]
[EventCountry "SVK"]
[SourceTitle "CBM 179 Extra"]
[Source "ChessBase"]
[SourceDate "2017.08.23"]
[SourceVersion "1"]
[SourceVersionDate "2017.08.23"]
[SourceQuality "1"]

1. d4 d5 2. Nf3 Bf5 3. e3 e6 4. Bd3 Bxd3 5. Qxd3 c6 6. b3 Nf6 7. Bb2 Nbd7 8. Nbd2 c5 9. 0-0 Rc8 10. Ne5 Bd6 11. f4 Qc7 12. c4 0-0 13. Rf3 cxd4 14. exd4 h6 15. Rh3 Bb4 16. Rc1 Bxd2 17. Qxd2 Nxe5 18. fxe5 Ne4 19. Qf4 Qe7 20. Rh5 Rc7 21. Qg4 Kh7 22. Rf1 f5 23. exf6 Nxf6 24. Qh4 Nxh5 25. Qxh5 Rxf1+ 26. Kxf1 dxc4 27. bxc4 Rxc4 28. Qe2 Qf7+ 29. Kg1 Rc8 30. h3 Qf5 31. Kh2 Rc2 0-1

[Event "SVK-ch U14"]
[Site "Liptovsky Mikulas"]
[Date "2017.04.28"]
[Round "9"]
[White "Gazik, Jakub"]
[Black "Zetocha, Adrian"]
[Result "0-1"]
[WhiteElo "1791"]
[BlackElo "2073"]
[PlyCount "78"]
[EventDate "2017.04.22"]
[EventType "swiss"]
[EventRounds "9"]
[EventCountry "SVK"]
[SourceTitle "CBM 178 Extra"]
[Source "ChessBase"]
[SourceDate "2017.06.22"]
[SourceVersion "1"]
[SourceVersionDate "2017.06.22"]
[SourceQuality "1"]

1. d4 Nf6 2. Nf3 g6 3. c4 Bg7 4. Nc3 0-0 5. Bd2 c5 6. dxc5 Na6 7. Qc1 Nxc5 8. Bh6 d6 9. Bxg7 Kxg7 10. h4 h5 11. g3 Be6 12. b3 Bd7 13. Bg2 Bc6 14. 0-0 Rc8 15. Qc2 a6 16. Rfe1 b5 17. cxb5 axb5 18. Qb2 b4 19. Nb1 Kg8 20. Nbd2 Nce4 21. Nxe4 Bxe4 22. Rac1 Qa5 23. Nd4 Bxg2 24. Kxg2 Nd5 25. e3 Rc3 26. e4 Rfc8 27. Kg1 Nf6 28. Rc2 Qc5 29. Rd2 d5 30. exd5 Nxd5 31. Red1 e6 32. Qb1 Kh7 33. Qb2 Ra8 34. Kg2 Ra5 35. Ne2 Qc6 36. Kg1 Rac5 37. Nxc3 bxc3 38. Qa3 cxd2 39. Rxd2 Rc1+ 0-1

[Event "SVK-ch U14"]
[Site "Liptovsky Mikulas"]
[Date "2017.04.27"]
[Round "8"]
[White "Valigursky, Michal"]
[Black "Gazik, Jakub"]
[Result "0-1"]
[WhiteElo "1694"]
[BlackElo "1791"]
[PlyCount "110"]
[EventDate "2017.04.22"]
[EventType "swiss"]
[EventRounds "9"]
[EventCountry "SVK"]
[SourceTitle "CBM 178 Extra"]
[Source "ChessBase"]
[SourceDate "2017.06.22"]
[SourceVersion "1"]
[SourceVersionDate "2017.06.22"]
[SourceQuality "1"]

1. e4 d5 2. exd5 Qxd5 3. Nc3 Qd6 4. d4 Nf6 5. g3 Bf5 6. Bg2 Nc6 7. Nge2 Nb4 8. Bf4 Qb6 9. Rc1 e6 10. 0-0 c6 11. Re1 Be7 12. Be5 0-0 13. Nf4 Rfd8 14. Na4 Qa5 15. c3 Nbd5 16. b4 Qa6 17. Bf1 b5 18. Qd2 Qxa4 19. f3 a5 20. g4 Bg6 21. h4 Nxf4 22. Qxf4 Nd5 23. Qh2 h6 24. g5 h5 25. f4 axb4 26. Bh3 Bd6 27. Bxd6 Rxd6 28. f5 Rdd8 29. fxg6 fxg6 30. Bxe6+ Kh7 31. Bf7 Qxa2 32. Qxa2 Rxa2 33. cxb4 Rd2 34. Rxc6 Rxd4 35. Bxg6+ Kh8 36. Rce6 Rg4+ 37. Kh2 Rxh4+ 38. Kg3 Rg4+ 39. Kh2 Nc7 40. R6e5 Rxb4 41. Re7 Rh4+ 42. Kg3 Rg4+ 43. Kh3 Rxg5 44. Bc2 Rc5 45. Bg6 Rc6 46. Bb1 Kg8 47. Ba2+ Kh8 48. Rg1 Ne8 49. Rg5 Rc3+ 50. Kh4 Rd4+ 51. Kxh5 Rh3+ 52. Kg6 Rh6+ 53. Kf5 Nd6+ 54. Ke5 Re4+ 55. Kd5 Rxe7 0-1

[Event "SVK-ch U14"]
[Site "Liptovsky Mikulas"]
[Date "2017.04.23"]
[Round "3"]
[White "Gazik, Jakub"]
[Black "Pogadl, Jakub"]
[Result "1-0"]
[WhiteElo "1791"]
[BlackElo "1531"]
[PlyCount "67"]
[EventDate "2017.04.22"]
[EventType "swiss"]
[EventRounds "9"]
[EventCountry "SVK"]
[SourceTitle "CBM 178 Extra"]
[Source "ChessBase"]
[SourceDate "2017.06.22"]
[SourceVersion "1"]
[SourceVersionDate "2017.06.22"]
[SourceQuality "1"]

1. e4 c5 2. c3 d5 3. exd5 Qxd5 4. d4 Nc6 5. Nf3 Nf6 6. Be2 cxd4 7. cxd4 e6 8. 0-0 Be7 9. Nc3 Qd7 10. Bb5 0-0 11. Ne5 Qc7 12. Nxc6 bxc6 13. Bd3 Rd8 14. Be3 Bb7 15. Ne4 Nxe4 16. Bxe4 Ba6 17. Re1 Bb4 18. Qh5 g6 19. Qh6 Bxe1 20. Rxe1 f5 21. Bc2 Rab8 22. Bb3 Qd7 23. Bf4 Rxb3 24. axb3 Qxd4 25. h3 Qd7 26. Qh4 Re8 27. Be5 Qe7 28. Bf6 Qf7 29. Bc3 Bd3 30. Qd4 e5 31. Qxd3 Qxb3 32. Qd7 Qb8 33. Ra1 c5 34. Rxa7 1-0

[Event "SVK-chT3B2 1617"]
[Site "Slovakia"]
[Date "2017.03.19"]
[Round "10.5"]
[White "Gazik, Jakub"]
[Black "Csollar, Tibor"]
[Result "1/2-1/2"]
[WhiteElo "1791"]
[BlackElo "1629"]
[PlyCount "60"]
[EventDate "2016.10.16"]
[EventType "team-tourn"]
[EventRounds "11"]
[EventCountry "SVK"]
[SourceTitle "EXT 2020"]
[Source "ChessBase"]
[SourceDate "2019.10.17"]
[SourceVersion "1"]
[SourceVersionDate "2019.10.17"]
[SourceQuality "1"]
[WhiteTeam "Bojnice"]
[BlackTeam "Chynorany"]
[WhiteTeamCountry "SVK"]
[BlackTeamCountry "SVK"]

1. d4 d5 2. Nf3 Bf5 3. e3 Nf6 4. Bd3 Ne4 5. Nbd2 e6 6. c3 Nxf2 7. Bb5+ c6 8. Bxc6+ Nxc6 9. Kxf2 Be7 10. Re1 Bh4+ 11. Nxh4 Qxh4+ 12. Kg1 0-0 13. Rf1 Qd8 14. Qe2 Rc8 15. e4 dxe4 16. Nxe4 Qd5 17. Ng3 Bg6 18. Bf4 Na5 19. Qf2 Nc4 20. Rad1 Nb6 21. Rfe1 f6 22. Kh1 Na4 23. a3 Rcd8 24. Rd2 Bf7 25. Ne4 Bg6 26. Ng3 Nb6 27. Bc7 Rd7 28. Bxb6 axb6 29. Rde2 Re7 30. Re3 Rfe8 1/2-1/2

[Event "POL-chT U19 2nd League"]
[Site "Iwonicz"]
[Date "2016.07.31"]
[Round "3.4"]
[White "Krawczyk, Wojciech"]
[Black "Gazik, Jakub"]
[Result "1-0"]
[WhiteElo "1476"]
[BlackElo "1509"]
[PlyCount "107"]
[EventDate "2016.07.23"]
[EventType "team-swiss"]
[EventRounds "11"]
[EventCountry "POL"]
[SourceTitle "EXT 2019"]
[Source "ChessBase"]
[SourceDate "2018.10.10"]
[SourceVersion "1"]
[SourceVersionDate "2018.10.10"]
[SourceQuality "1"]
[WhiteTeam "Wieliczka MKS MOS U19"]
[BlackTeam "Jastrzebie Zdroj Pionier U19"]
[WhiteTeamCountry "POL"]
[BlackTeamCountry "POL"]

1. e4 d5 2. exd5 Qxd5 3. Nc3 Qd6 4. d4 Nf6 5. Nf3 a6 6. Bc4 b5 7. Bb3 Bb7 8. Be3 Nbd7 9. Qd2 e6 10. 0-0-0 Nb6 11. Rhg1 Nbd5 12. Nxd5 Nxd5 13. c3 Nxe3 14. Qxe3 Bd5 15. Bxd5 Qxd5 16. Qe5 c6 17. Kb1 a5 18. Rge1 b4 19. Re3 Rg8 20. Rc1 Bd6 21. Qe4 Qxe4+ 22. Rxe4 Kd7 23. c4 Rad8 24. Rce1 Rge8 25. h3 f6 26. Kc2 Re7 27. Nd2 Rde8 28. c5 Bc7 29. Nc4 a4 30. f3 Rd8 31. Rc1 Kc8 32. Rd1 Kb7 33. Ne3 Ba5 34. Nf5 Red7 35. Nd6+ Kb8 36. Rxe6 Bc7 37. Nf5 Kb7 38. Re4 g6 39. Ne3 f5 40. Re6 Rxd4 41. Rxd4 Rxd4 42. Re7 f4 43. Ng4 Rc4+ 44. Kb1 Rxc5 45. Rxh7 g5 46. Nf6 Re5 47. Ne4 Kb6 48. Rh5 Bd8 49. h4 Rd5 50. hxg5 Rd1+ 51. Kc2 Rg1 52. Rh2 Ra1 53. g6 Rxa2 54. Kb1 1-0

[Event "Liptovsky Mikulas V4 U15 op"]
[Site "Liptovsky Mikulas"]
[Date "2016.06.24"]
[Round "6"]
[White "Gazik, Jakub"]
[Black "Vorobieva, Varvara"]
[Result "1/2-1/2"]
[WhiteElo "1527"]
[BlackElo "1457"]
[PlyCount "101"]
[EventDate "2016.06.22"]
[EventType "swiss"]
[EventRounds "9"]
[EventCountry "SVK"]
[SourceTitle "CBM 173 Extra"]
[Source "ChessBase"]
[SourceDate "2016.08.29"]
[SourceVersion "1"]
[SourceVersionDate "2016.08.29"]
[SourceQuality "1"]

1. d4 d5 2. Nf3 c5 3. e3 Nf6 4. b3 e6 5. Bd3 Be7 6. Bb2 0-0 7. Nbd2 Nc6 8. a3 Bd7 9. 0-0 Rc8 10. Ne5 Be8 11. f4 cxd4 12. exd4 h6 13. Kh1 Nh7 14. f5 Nxe5 15. dxe5 exf5 16. Bxf5 Bd7 17. Bxd7 Qxd7 18. Nf3 Bc5 19. Qd3 Rfd8 20. Rad1 Qe6 21. Qe2 Bb6 22. Rd3 Rd7 23. Rfd1 Rcd8 24. R1d2 Nf8 25. Qd1 Bc5 26. b4 Bb6 27. Qe1 Ng6 28. Qg3 Qf5 29. Bd4 Bxd4 30. Rxd4 Qe6 31. h3 Rc8 32. Kh2 Rc3 33. R4d3 Rc8 34. Re3 Qf5 35. Nd4 Qf4 36. e6 fxe6 37. Nxe6 Qxg3+ 38. Rxg3 Ne5 39. Nc5 Re7 40. Rxd5 b6 41. Nd3 Nc4 42. a4 Ne3 43. Rxe3 Rxe3 44. Rd7 Rxc2 45. Nf4 Rc6 46. Nd5 Ree6 47. Ne7+ Rxe7 48. Rxe7 Rc4 49. Rxa7 Rxb4 50. a5 bxa5 51. Rxa5 1/2-1/2

[Event "SVK-ch U12"]
[Site "Liptovsky Mikulas"]
[Date "2016.04.22"]
[Round "8"]
[White "Gazik, Jakub"]
[Black "Sosovicka, Jakub"]
[Result "1/2-1/2"]
[WhiteElo "1602"]
[BlackElo "1790"]
[PlyCount "59"]
[EventDate "2016.04.16"]
[EventType "swiss"]
[EventRounds "9"]
[EventCountry "SVK"]
[SourceTitle "CBM 172 Extra"]
[Source "ChessBase"]
[SourceDate "2016.06.21"]
[SourceVersion "1"]
[SourceVersionDate "2016.06.21"]
[SourceQuality "1"]

1. e4 c5 2. Nf3 d6 3. g3 Nc6 4. Bg2 Nf6 5. d3 g6 6. 0-0 Bg7 7. Re1 0-0 8. c3 e6 9. d4 d5 10. e5 Nd7 11. Qe2 a6 12. Bf4 b5 13. Nbd2 b4 14. h4 Qb6 15. Qe3 a5 16. Nf1 Ba6 17. N1h2 a4 18. Ng4 a3 19. Bh6 axb2 20. Rab1 Ne7 21. Bh3 Nf5 22. Nf6+ Nxf6 23. Bxf5 exf5 24. exf6 Qxf6 25. Bxg7 Kxg7 26. Ne5 cxd4 27. cxd4 Rfe8 28. Rxb2 Qb6 29. Qd2 Qa5 30. Qxb4 1/2-1/2

[Event "SVK-ch U12"]
[Site "Liptovsky Mikulas"]
[Date "2016.04.18"]
[Round "3"]
[White "Gazik, Jakub"]
[Black "Sobek, Michal"]
[Result "1-0"]
[WhiteElo "1602"]
[BlackElo "1898"]
[PlyCount "105"]
[EventDate "2016.04.16"]
[EventType "swiss"]
[EventRounds "9"]
[EventCountry "SVK"]
[SourceTitle "CBM 172 Extra"]
[Source "ChessBase"]
[SourceDate "2016.06.21"]
[SourceVersion "1"]
[SourceVersionDate "2016.06.21"]
[SourceQuality "1"]

1. d4 Nf6 2. Nf3 g6 3. c4 c5 4. e3 Bg7 5. Be2 0-0 6. Nc3 d6 7. 0-0 Nc6 8. b3 Nd7 9. Bb2 a6 10. d5 Nce5 11. Nxe5 Nxe5 12. f4 Nd7 13. Qc2 f5 14. e4 Bd4+ 15. Kh1 Nf6 16. Bd3 Ng4 17. Nd1 e5 18. Bxd4 exd4 19. h3 Qh4 20. Kg1 h5 21. Qd2 Nf6 22. e5 Ne4 23. Bxe4 fxe4 24. e6 e3 25. Qd3 Qf6 26. Rf3 Qf5 27. Nb2 Qxd3 28. Nxd3 b5 29. Kf1 h4 30. Ke2 Kg7 31. Raf1 Rf5 32. g4 hxg3 33. Rxg3 Kh6 34. Rfg1 Ra7 35. Rxg6+ Kh7 36. Rg8 Rc7 37. e7 Rxe7 38. Rxc8 Rh5 39. Rg3 Rg7 40. Kf3 Re7 41. Ke2 Rg7 42. Rxg7+ Kxg7 43. Rc7+ Kf8 44. Rd7 Rxh3 45. Rxd6 Rh2+ 46. Kf3 Rd2 47. Nxc5 Rf2+ 48. Kg3 Rd2 49. Re6 bxc4 50. bxc4 Rb2 51. d6 Rb8 52. Nd7+ Kf7 53. Re7+ 1-0

[Event "SVK-chT3B2 1516"]
[Site "Slovakia"]
[Date "2016.01.31"]
[Round "6.6"]
[White "Tomko, Michal"]
[Black "Gazik, Jakub"]
[Result "1/2-1/2"]
[WhiteElo "1629"]
[BlackElo "1589"]
[PlyCount "63"]
[EventDate "2015.10.11"]
[EventType "team-tourn"]
[EventRounds "11"]
[EventCountry "SVK"]
[SourceTitle "CBM 170 Extra"]
[Source "ChessBase"]
[SourceDate "2016.02.25"]
[SourceVersion "1"]
[SourceVersionDate "2016.02.25"]
[SourceQuality "1"]
[WhiteTeam "Dubnica nad Vahom III"]
[BlackTeam "Prievidza II"]
[WhiteTeamCountry "SVK"]
[BlackTeamCountry "SVK"]

1. e4 d5 2. exd5 Qxd5 3. d4 Nc6 4. c3 Nf6 5. Nf3 Bg4 6. Be2 e6 7. 0-0 Be7 8. h3 Bh5 9. Be3 0-0 10. Re1 Rad8 11. Nbd2 Rfe8 12. Qc2 Bg6 13. Qa4 a6 14. Ng5 e5 15. Bf3 e4 16. c4 Qf5 17. g4 Qa5 18. Qxa5 Nxa5 19. Ngxe4 Nxe4 20. Bxe4 Bxe4 21. Nxe4 Nxc4 22. Re2 c6 23. b3 Nd6 24. Nxd6 Bxd6 25. Kf1 Bc7 26. Rc1 Bb6 27. Rcc2 h6 28. Rc4 Ba7 29. Rd2 Rd6 30. Rc3 Red8 31. Rcd3 Rd5 32. Ke2 1/2-1/2

[Event "SVK-chT3B2 1516"]
[Site "Slovakia"]
[Date "2016.01.10"]
[Round "5.6"]
[White "Gazik, Jakub"]
[Black "Malinovsky, Jozef"]
[Result "1-0"]
[WhiteElo "1589"]
[BlackElo "1775"]
[PlyCount "62"]
[EventDate "2015.10.11"]
[EventType "team-tourn"]
[EventRounds "11"]
[EventCountry "SVK"]
[SourceTitle "CBM 170 Extra"]
[Source "ChessBase"]
[SourceDate "2016.02.25"]
[SourceVersion "1"]
[SourceVersionDate "2016.02.25"]
[SourceQuality "1"]
[WhiteTeam "Prievidza II"]
[BlackTeam "Povazska Bystrica III"]
[WhiteTeamCountry "SVK"]
[BlackTeamCountry "SVK"]

1. d4 Nf6 2. Nf3 d5 3. e3 Bg4 4. h3 Bh5 5. g4 Bg6 6. Ne5 Nbd7 7. h4 h6 8. Nxg6 fxg6 9. Bd3 Kf7 10. Qf3 e5 11. Bxg6+ Kxg6 12. Qf5+ Kf7 13. dxe5 Nxe5 14. Qxe5 Nxg4 15. Qh5+ Kg8 16. Qxg4 Be7 17. Bd2 Bf6 18. Bc3 Qe7 19. Rg1 Rf8 20. Bxf6 Qxf6 21. Nc3 Qxf2+ 22. Kd1 Qf3+ 23. Qxf3 Rxf3 24. Ke2 Rf7 25. Raf1 c6 26. Rxf7 Kxf7 27. e4 Re8 28. Kf3 dxe4+ 29. Nxe4 Rf8 30. Kg3 Rd8 31. Rf1+ Ke7 1-0

[Event "SVK-chT3B2 1516"]
[Site "Slovakia"]
[Date "2015.11.15"]
[Round "2.5"]
[White "Gazik, Jakub"]
[Black "Marko, Zdenko"]
[Result "0-1"]
[WhiteElo "1589"]
[BlackElo "1499"]
[PlyCount "100"]
[EventDate "2015.10.11"]
[EventType "team-tourn"]
[EventRounds "11"]
[EventCountry "SVK"]
[SourceTitle "CBM 170 Extra"]
[Source "ChessBase"]
[SourceDate "2016.02.25"]
[SourceVersion "1"]
[SourceVersionDate "2016.02.25"]
[SourceQuality "1"]
[WhiteTeam "Prievidza II"]
[BlackTeam "Chynorany"]
[WhiteTeamCountry "SVK"]
[BlackTeamCountry "SVK"]

1. e4 e5 2. Nf3 Nc6 3. Bc4 h6 4. d4 exd4 5. Nxd4 Ne5 6. Bb3 Nf6 7. Nd2 Bc5 8. N4f3 Qe7 9. 0-0 d6 10. Nxe5 dxe5 11. Qe2 Bg4 12. Nf3 0-0 13. c3 Nh5 14. h3 Bxf3 15. Qxf3 Nf6 16. Be3 Nd7 17. Rad1 Rad8 18. Rd2 Bxe3 19. Qxe3 b6 20. Rfd1 Nc5 21. Bc2 Rd6 22. b4 Nb7 23. Bb3 Rfd8 24. Bc4 Rxd2 25. Rxd2 Rxd2 26. Qxd2 Nd6 27. Qd5 Nxc4 28. Qxc4 Qd6 29. Qd5 Qxd5 30. exd5 f5 31. f3 b5 32. Kf2 f4 33. Ke2 Kf7 34. Kd3 Ke7 35. c4 Kd6 36. cxb5 Kxd5 37. a3 g5 38. a4 h5 39. a5 g4 40. hxg4 hxg4 41. a6 g3 42. b6 cxb6 43. b5 Kc5 44. Ke4 Kxb5 45. Kxe5 Kxa6 46. Kxf4 b5 47. Kg5 b4 48. f4 b3 49. f5 b2 50. f6 b1Q 0-1

[Event "POL-chT U19 2nd League"]
[Site "Iwonicz"]
[Date "2015.08.01"]
[Round "2.58"]
[White "Gazik, Jakub"]
[Black "Piechota, Kamil"]
[Result "1-0"]
[WhiteElo "1486"]
[BlackElo "1393"]
[PlyCount "122"]
[EventDate "2015.07.25"]
[EventType "team-swiss"]
[EventRounds "11"]
[EventCountry "POL"]
[SourceTitle "EXT 2019"]
[Source "ChessBase"]
[SourceDate "2018.10.10"]
[SourceVersion "1"]
[SourceVersionDate "2018.10.10"]
[SourceQuality "1"]
[WhiteTeam "Jastrzebie Zdroj Pionier U19"]
[BlackTeam "Rydultowy Ognisko U19 II"]
[WhiteTeamCountry "POL"]
[BlackTeamCountry "POL"]

1. d4 d5 2. Nf3 e6 3. e3 Nf6 4. Bd3 Bd6 5. 0-0 0-0 6. b3 Bd7 7. Bb2 Nc6 8. a3 a6 9. Nbd2 Re8 10. Ne5 h6 11. f4 Ne4 12. Nxe4 dxe4 13. Bxe4 Bxe5 14. fxe5 Rf8 15. Qg4 Ne7 16. Bxb7 Ra7 17. Be4 Nd5 18. Bxd5 exd5 19. Qg3 a5 20. Qf3 Qg5 21. Qxd5 Qxe3+ 22. Kh1 c6 23. Qf3 Qg5 24. Rae1 Bc8 25. a4 Qg6 26. Ba3 Rd8 27. Bc5 Rad7 28. Qf5 Qxf5 29. Rxf5 Rxd4 30. Rf3 R4d5 31. Bd6 Re8 32. Rfe3 Rd2 33. c3 Bb7 34. R3e2 Rd3 35. Re3 Rd2 36. Bc5 Rd5 37. b4 axb4 38. cxb4 Ra8 39. a5 Ba6 40. e6 fxe6 41. Rxe6 Kh7 42. Rxc6 Bc4 43. Rc7 Rad8 44. h3 Rg5 45. Be7 Bd5 46. Bxg5 hxg5 47. Ree7 Rf8 48. Rxg7+ Kh6 49. Rh7+ Kg6 50. Rcg7+ Kf5 51. Rh5 Ke6 52. Rhxg5 Rf2 53. R5g6+ Ke5 54. Rg5+ Kd4 55. Rd7 Rf1+ 56. Kh2 Kc4 57. Rgxd5 Kxb4 58. a6 Ra1 59. a7 Ra6 60. Rd4+ Kb3 61. Re4 Kb2 1-0

[Event "POL-chT U19 2nd League"]
[Site "Iwonicz"]
[Date "2015.08.01"]
[Round "9.28"]
[White "Musiala, Jakub"]
[Black "Gazik, Jakub"]
[Result "1/2-1/2"]
[WhiteElo "1451"]
[BlackElo "1486"]
[PlyCount "229"]
[EventDate "2015.07.25"]
[EventType "team-swiss"]
[EventRounds "11"]
[EventCountry "POL"]
[SourceTitle "EXT 2019"]
[Source "ChessBase"]
[SourceDate "2018.10.10"]
[SourceVersion "1"]
[SourceVersionDate "2018.10.10"]
[SourceQuality "1"]
[WhiteTeam "Wroclaw MUKS MDK Fabryczna U19"]
[BlackTeam "Jastrzebie Zdroj Pionier U19"]
[WhiteTeamCountry "POL"]
[BlackTeamCountry "POL"]

1. e4 d5 2. exd5 Qxd5 3. Nc3 Qd6 4. d4 Nf6 5. Nf3 a6 6. Bc4 b5 7. Bb3 Bb7 8. Be3 e6 9. 0-0 Nbd7 10. Qe2 Be7 11. Rad1 0-0 12. Rfe1 Rfe8 13. Bg5 Rad8 14. Bh4 c5 15. dxc5 Qxc5 16. Bg3 Nh5 17. Ne4 Nxg3 18. hxg3 Qb6 19. Rd2 Nc5 20. Nxc5 Bxc5 21. Red1 Qc7 22. Qe5 Bb6 23. Qg5 Rxd2 24. Rxd2 Rd8 25. Qxd8+ Qxd8 26. Rxd8+ Bxd8 27. c3 Kf8 28. Nd4 Ke7 29. Kf1 Kd6 30. f3 Bb6 31. Nc2 Bc5 32. Ke2 Ke5 33. Ne3 a5 34. a4 bxa4 35. Bxa4 Ba6+ 36. Kd2 f6 37. b3 h6 38. c4 g5 39. Ng4+ Kf5 40. Nxh6+ Kg6 41. Ng4 Bb4+ 42. Ke2 Bd6 43. Be8+ Kg7 44. Kf2 f5 45. Ne3 Bc5 46. Ke2 Kf6 47. Bc6 Ke5 48. Kd3 Bc8 49. Be8 Bb7 50. Bh5 Bc8 51. g4 f4 52. Nc2 Bb7 53. Bg6 Ba6 54. Be4 Bc8 55. Kc3 Bd7 56. b4 axb4+ 57. Nxb4 Kd6 58. Nd3 Bb6 59. Kb4 Be3 60. c5+ Kc7 61. Ne5 Bd2+ 62. Kc4 Be8 63. Nd3 Be3 64. Nb4 e5 65. Na6+ Kc8 66. c6 Bb6 67. Kb5 Bc7 68. Nb4 Bf7 69. Nd5 Bxd5 70. Bxd5 Bd6 71. Be6+ Kc7 72. Bd7 Be7 73. Kc4 Kd6 74. Kd3 Bd8 75. Ke4 Be7 76. Kf5 Bd8 77. Kg6 Be7 78. Kf7 Bd8 79. Be8 Bc7 80. Kg6 Bd8 81. Kf5 Be7 82. Ke4 Bd8 83. Kd3 Be7 84. Kc4 Bd8 85. Kb5 Bc7 86. Ka6 Bd8 87. Kb7 Bc7 88. Bg6 Bd8 89. Bc2 Bc7 90. Ba4 Bd8 91. Ka6 Bc7 92. Kb5 Bd8 93. Kc4 Bc7 94. Kd3 Bd8 95. Ke4 Bc7 96. Kf5 Bd8 97. Kg6 Be7 98. Kf7 Bd8 99. Ke8 Bc7 100. Kf8 Bd8 101. Kf7 Bc7 102. Kf6 Bd8+ 103. Kf5 Be7 104. c7 Kxc7 105. Kxe5 Kd8 106. Bb5 Bb4 107. Kf5 Be7 108. Bf1 Kc7 109. Ke5 Kd8 110. Ke6 Bb4 111. Bb5 Be1 112. Kf6 Bh4 113. Ke5 Ke7 114. Ke4 Kf6 115. Bc4 1/2-1/2

[Event "POL-chT U19 2nd League"]
[Site "Iwonicz"]
[Date "2015.08.01"]
[Round "3.40"]
[White "Pietrzak, Tomasz1111"]
[Black "Gazik, Jakub"]
[Result "0-1"]
[WhiteElo "1407"]
[BlackElo "1486"]
[PlyCount "64"]
[EventDate "2015.07.25"]
[EventType "team-swiss"]
[EventRounds "11"]
[EventCountry "POL"]
[SourceTitle "EXT 2019"]
[Source "ChessBase"]
[SourceDate "2018.10.10"]
[SourceVersion "1"]
[SourceVersionDate "2018.10.10"]
[SourceQuality "1"]
[WhiteTeam "Myslenice MLKSz U19"]
[BlackTeam "Jastrzebie Zdroj Pionier U19"]
[WhiteTeamCountry "POL"]
[BlackTeamCountry "POL"]

1. e4 b6 2. d4 Bb7 3. Nc3 e6 4. Nf3 Bb4 5. Bd3 Nf6 6. Bg5 h6 7. Bxf6 Qxf6 8. 0-0 Bxc3 9. bxc3 d6 10. Nd2 g5 11. Qf3 Qg7 12. Qg3 h5 13. h3 Nd7 14. f4 g4 15. h4 0-0-0 16. e5 Rhf8 17. exd6 cxd6 18. f5 Nf6 19. Nc4 Kc7 20. Na3 a6 21. Rab1 Nd5 22. c4 Qxd4+ 23. Kh1 Qe3 24. Qxe3 Nxe3 25. Rf2 exf5 26. Kg1 Nxg2 27. Rxg2 Bxg2 28. Kxg2 f4 29. c5 bxc5 30. Bxa6 Ra8 31. Rb7+ Kc6 32. Bb5+ Kxb7 0-1

[Event "SVK-ch U12"]
[Site "Tatralandia"]
[Date "2015.04.24"]
[Round "8"]
[White "Gazik, Jakub"]
[Black "Vadila, Ondrej"]
[Result "0-1"]
[WhiteElo "1510"]
[BlackElo "1703"]
[PlyCount "92"]
[EventDate "2015.04.18"]
[EventType "swiss"]
[EventRounds "9"]
[EventCountry "SVK"]
[SourceTitle "CBM 166 Extra"]
[Source "ChessBase"]
[SourceDate "2015.06.18"]
[SourceVersion "1"]
[SourceVersionDate "2015.06.18"]
[SourceQuality "1"]

1. e4 e5 2. Nf3 Nc6 3. Bc4 Bc5 4. c3 Nf6 5. d4 exd4 6. cxd4 Bb4+ 7. Nc3 Nxe4 8. 0-0 Bxc3 9. bxc3 d5 10. Bd3 Bf5 11. Re1 0-0 12. Qc2 Re8 13. Bf4 Bg6 14. Rab1 Rb8 15. Rb2 Nd6 16. Rxe8+ Nxe8 17. Bxg6 hxg6 18. h3 Nd6 19. Qb1 b6 20. Re2 Ne4 21. Qe1 Qd7 22. Re3 f6 23. Nd2 Nxd2 24. Qxd2 Re8 25. Rxe8+ Qxe8 26. Bxc7 Qe7 27. Bg3 Kf7 28. Kf1 Na5 29. Qe2 Qxe2+ 30. Kxe2 Nc4 31. Kd3 Ke6 32. Bh2 g5 33. f3 Kd7 34. Bg1 Kc6 35. g3 Kb5 36. f4 gxf4 37. gxf4 Ka4 38. Bh2 Ka3 39. h4 Kxa2 40. Kc2 Na3+ 41. Kd3 Kb3 42. f5 Nc4 43. h5 a5 44. Bg3 a4 45. Bh4 a3 46. Bxf6 a2 0-1